| 000 | 01204nam0a2200289 i 4500 | ||
|---|---|---|---|
| 001 | RU\NLR\BIBL_A\010555489 | ||
| 005 | 20260503060953.0 | ||
| 010 |
_a9785386062286 _910000 |
||
| 021 |
_aRU _b2014-74312 _94551 |
||
| 035 | _a(NLR Aleph) 010555489 | ||
| 090 |
_a10356850 _c10356850 |
||
| 100 | _a20141203d2014 d y0rusy50 ca | ||
| 101 | 0 | _arus | |
| 102 | _aRU | ||
| 105 | _aa g 000yy | ||
| 200 | 1 |
_aЗоопарк _eинтересные факты, светящиеся наклейки внутри _e[для детей младшего и среднего школьного возраста _fсост.: Ю.В. Шигарова] |
|
| 210 |
_aМосква _cРипол классик _d2014 |
||
| 215 |
_a[12] с., [4] л. цв. наклеек _cцв. ил. _d32 |
||
| 225 | 1 | _aСамая большая светящаяся энциклопедия | |
| 606 |
_aЖивотные _jЭнциклопедии для детей _91163614 _3RU\NLR\AUTH\66148196 |
||
| 686 | 0 |
_aШ9 _bВ6 |
|
| 702 | 1 |
_4220 _aШигарова _bЮ. В. _gЮлия Вячеславовна _9133540 _3RU\NLR\AUTH\770133574 |
|
| 942 | _cBOOK | ||
| 980 | _aNBR | ||